Aik Muhabat sau Afsane (Record no. 16799)
[ view plain ]
| 000 -LEADER | |
|---|---|
| fixed length control field | 00421nam a22001817a 4500 |
| 003 - CONTROL NUMBER IDENTIFIER | |
| control field | NUST |
| 008 - FIXED-LENGTH DATA ELEMENTS--GENERAL INFORMATION | |
| fixed length control field | 140106t xxu||||| |||| 00| 0 eng d |
| 020 ## - INTERNATIONAL STANDARD BOOK NUMBER | |
| International Standard Book Number | 969-35-0448-8 |
| 038 ## - RECORD CONTENT LICENSOR | |
| Staff Name | ASAB |
| 082 ## - DEWEY DECIMAL CLASSIFICATION NUMBER | |
| Classification number | Fic |
| 100 ## - MAIN ENTRY--PERSONAL NAME | |
| Personal name | Ashfaq Ahmad |
| 9 (RLIN) | 528 |
| 240 ## - UNIFORM TITLE | |
| Uniform title | afsane |
| 245 ## - TITLE STATEMENT | |
| Title | Aik Muhabat sau Afsane |
| 246 ## - VARYING FORM OF TITLE | |
| Title proper/short title | Aik Muhabat soo Afsane |
| 260 ## - PUBLICATION, DISTRIBUTION, ETC. | |
| Place of publication, distribution, etc. | Lahore |
| Name of publisher, distributor, etc. | Sang E meel |
| Date of publication, distribution, etc. | 2011 |
| 300 ## - PHYSICAL DESCRIPTION | |
| Extent | 194 P |
| 942 ## - ADDED ENTRY ELEMENTS (KOHA) | |
| Source of classification or shelving scheme | |
| Koha item type | Book |
| Withdrawn status | Lost status | Source of classification or shelving scheme | Damaged status | Not for loan | Collection code | Permanent Location | Current Location | Date acquired | Total Checkouts | Full call number | Barcode | Date last seen | Price effective from | Koha item type | Checked out | Date last checked out |
|---|---|---|---|---|---|---|---|---|---|---|---|---|---|---|---|---|
| Atta-ur-Rahman School of Applied Biosciences (ASAB) | Atta-ur-Rahman School of Applied Biosciences (ASAB) | 01/06/2014 | Fic Ahmad | ASAB2322 | 01/06/2014 | 01/06/2014 | Book | |||||||||
| Atta-ur-Rahman School of Applied Biosciences (ASAB) | Atta-ur-Rahman School of Applied Biosciences (ASAB) | 01/06/2014 | Fic Ahmad | ASAB2321 | 01/06/2014 | 01/06/2014 | Book | |||||||||
| Atta-ur-Rahman School of Applied Biosciences (ASAB) | Atta-ur-Rahman School of Applied Biosciences (ASAB) | 01/06/2014 | Fic Ahmad | ASAB2320 | 01/06/2014 | 01/06/2014 | Book | |||||||||
| Atta-ur-Rahman School of Applied Biosciences (ASAB) | Atta-ur-Rahman School of Applied Biosciences (ASAB) | 01/06/2014 | 1 | Fic Ahmad | ASAB2319 | 03/11/2026 | 01/06/2014 | Book | 04/10/2026 | 03/11/2026 | ||||||
| Atta-ur-Rahman School of Applied Biosciences (ASAB) | Atta-ur-Rahman School of Applied Biosciences (ASAB) | 01/06/2014 | Fic Ahmad | ASAB2318 | 09/26/2018 | 01/06/2014 | Book |
